000 00524nam a22001697a 4500
999 _c62236
_d62236
005 20240829122146.0
008 240829c2003 enk||||| |||| 00| 0 eng d
022 _a0031 8221
041 _aeng
245 _aPhilosophy East and West :
_cEditor R. T. Ames.
_b2003. A Quarterly of Comparative Philosophy /
260 _aHong Kong,
_c2003.
300 _aV.
653 _aფილოსოფია
653 _aპერიოდიკა
700 _a Ames, R. T
_eრედაქტორი
_923135
942 _2udc
_cCR